[Event "Mumbai Wealth U13 op 5th"]
[Site "Mumbai"]
[Date "2020.01.03"]
[Round "5"]
[White "Abdullaev, Rasulbek"]
[Black "Velpula, Sarayu"]
[Result "0-1"]
[WhiteElo "1770"]
[BlackElo "1898"]
[PlyCount "116"]
[EventDate "2019.12.30"]
[EventType "swiss"]
[EventRounds "9"]
[EventCountry "IND"]
[SourceTitle "CBM 194 Extra"]
[Source "ChessBase"]
[SourceDate "2020.03.31"]
[SourceVersion "1"]
[SourceVersionDate "2020.03.31"]
[SourceQuality "1"]

1. d4 Nf6 2. c4 g6 3. Nc3 Bg7 4. e4 d6 5. f3 0-0 6. Be3 c6 7. Qd2 a6 8. Bd3 b5 9. Nge2 Nbd7 10. 0-0 e5 11. d5 bxc4 12. Bxc4 Nb6 13. Bb3 cxd5 14. Nxd5 Nbxd5 15. Bxd5 Nxd5 16. Qxd5 Be6 17. Qd2 d5 18. exd5 Qxd5 19. Qxd5 Bxd5 20. Nc3 Be6 21. Rac1 Rfc8 22. b3 Bf8 23. Na4 Ba3 24. Rxc8+ Rxc8 25. Rd1 f5 26. Rd2 f4 27. Bb6 Kf7 28. Kf2 Rc6 29. Kf1 Bf5 30. g4 Bb4 31. Rf2 Bd3+ 32. Kg2 e4 33. fxe4 Bxe4+ 34. Kg1 g5 35. Bd4 Bd3 36. Be3 Be1 37. Rf3 Be2 38. Rh3 Bxg4 39. Rxh7+ Kg6 40. Re7 fxe3 41. Rxe3 Bd2 42. Rd3 Bf4 43. Rc3 Rd6 44. Rc2 Bh3 45. Kf2 Bxh2 46. Nc5 Bf5 47. Re2 g4 48. b4 Bf4 49. a4 g3+ 50. Kg2 Bg4 51. Rb2 Be5 52. Ra2 Rf6 53. Nd3 Bd6 54. b5 Bf3+ 55. Kg1 axb5 56. axb5 Bc7 57. Ra6 Rxa6 58. bxa6 Bb6+ 0-1